000 00800nam a22002657a 4500
001 BR7905619
003 BR-BrBNA
005 20230928090056.0
007 ta
008 230509b bl.||||| |||| 00| 0 por d
040 _aBR-BrBNA
_bpor
_cBiblioteca Nacional de Agricultura
041 _a(Por)
072 _aE70
090 _ E70 BR7905619
110 1 _aSociedade Brasileira de Economia Rural, Brasilia, DF
_99683
111 1 _a17. Reuniao Anual da SOBER
_cBrasilia, DF (Brazil)
_d30 Jul 1979
245 1 _aAspectos da comercializacao e seus efeitos sobre os precos e rendas agricolas
260 3 _aBrasilia, DF (Brasil):
_c1979.
300 _a35 p.
650 _aComercializacao
650 _aPreco
650 _aPolitica comercial
909 _a202309
_bLucia
_c55
_dLucia Elande
942 _cBK
999 _c27719
_d27719